Proyecto de un sistema hibrido fotovoltaico para alimentar Base Transceiver Station BTS fuera del sistema interconectado nacional
Presenta una propuesta de proyecto con el fin de diseñar un sistema hibrido fotovoltaico para alimentar Base Transceiver Station fuera de SIN con el propósito de brindar soluciones para generación de energía eléctrica mediante métodos alternativos.
| Main Authors: | , |
|---|---|
| Other Authors: | |
| Format: | Tesis Section = Libro |
| Language: | Undetermined Spanish |
| Published: |
Managua
UNI
2018
|
| Subjects: |
| LEADER | 01118nam a2200265Ia 4500 | ||
|---|---|---|---|
| 008 | 240830s9999 xx 000 0 und d | ||
| 040 | |a BIBLIOTECA-RUSB/ Mon 621.31244 S479 | ||
| 041 | |a spa | ||
| 082 | |a Mon 621.31244 S479 | ||
| 100 | 1 | |a Sequeira Balladares, Félix | |
| 100 | 1 | |b Paramo Luque, Larry | |
| 245 | 1 | 0 | |a Proyecto de un sistema hibrido fotovoltaico para alimentar Base Transceiver Station BTS fuera del sistema interconectado nacional |
| 260 | |a Managua |b UNI |c 2018 | ||
| 300 | |a 41 p. :il. | ||
| 500 | |a Contiene CD. | ||
| 502 | |a Tesis (Ingeniero en Telecomunicaciones) - UNI, 2018. | ||
| 520 | 3 | |a Presenta una propuesta de proyecto con el fin de diseñar un sistema hibrido fotovoltaico para alimentar Base Transceiver Station fuera de SIN con el propósito de brindar soluciones para generación de energía eléctrica mediante métodos alternativos. | |
| 650 | 7 | |a SISTEMA FOTOVOLTAICO | |
| 650 | 7 | |b ENERGIA ELECTRICA | |
| 650 | 7 | |c DISTRIBUCION ELECTRICA | |
| 650 | 7 | |d RED ELECTRICA CONVENCIONAL | |
| 700 | 1 | |a Tutor: |b Lira Rocha, Ernesto | |
| 942 | |c BK |2 ddc | ||
| 991 | |a TESIS | ||
| 999 | |c 20154 | ||